|
|
|
|
| LEADER |
00000nam a2200000 a 4500 |
| 001 |
vtls001472982 |
| 003 |
SK-MaSNL |
| 005 |
20260302093422.0 |
| 008 |
240315s1979 xo 0 slo |
| 035 |
|
|
|a SNK000428284
|
| 040 |
|
|
|a SNK
|b slo
|c SNK
|e AACR2
|
| 041 |
0 |
|
|a slo
|
| 044 |
|
|
|a xo
|c SK
|
| 072 |
|
7 |
|a 82.0
|x Literatúra (teória)
|2 konspekt
|
| 080 |
|
|
|a 82.091
|2 1981
|
| 080 |
|
|
|a 808.1
|2 1981
|
| 080 |
|
|
|a 811.16
|2 1981
|
| 080 |
|
|
|a 061.3
|2 1981
|
| 080 |
|
|
|a (=16)
|2 1981
|
| 080 |
|
|
|a (0.036.6)
|2 1981
|
| 100 |
1 |
|
|a Ďurišin, Dionýz,
|d 1929-1997
|4 aut
|9 106572
|
| 245 |
1 |
|
|a Komparatívne aspekty na VIII. kongrese slavistov
|c Dionýz Ďurišin
|
| 250 |
|
|
|a [1. vyd.]
|
| 260 |
|
|
|a [S. l.
|b s. n.]
|c 1979
|
| 300 |
|
|
|a S. 192-196
|c 23 cm
|
| 500 |
|
|
|a Odtlačok z: Slavica Slovaca, roč. 14, 1979, č. 2
|
| 650 |
0 |
7 |
|a literárna komparatistika
|2 SNK
|9 62017
|
| 650 |
0 |
7 |
|a slavistika
|x kongresy
|2 SNK
|9 764256
|
| 655 |
|
7 |
|a separáty
|2 SNK
|9 70334
|
| 958 |
|
|
|a OND
|
| 999 |
|
|
|c 1208821
|d 1210751
|
| 952 |
|
|
|t P60, <03>, [BOOK], {603}
|a SNK
|b SNK
|y PREZ
|7 0
|p 17A0424499
|o snkOSC 22584
|i snkK 1147/2003
|g 0.33
|0 0
|1 0
|4 0
|d 2004-04-14
|l 0
|r 2005-01-02 00:00:00
|w 2026-02-24
|
| 952 |
|
|
|t P60, <04>, [BOOK], {604}
|a SNK
|b SNK
|y VYP
|7 0
|p 17A0424500
|o snkOSC 22584 D1
|i snkK 1148/2003
|g 0.33
|0 0
|1 0
|4 0
|d 2004-04-14
|l 0
|r 2005-01-02 00:00:00
|w 2026-02-24
|